Home Print Resources E-Books E-Journals IIMT Lecture Series Library Membership Form Book Recommendation Form Campus Tour Take AdmissionAbout Us Contact Us

DIAGNOSIS AND TREATMENT OF COMMON SKIN DISEASES (Record no. 58119)

000 -LEADER
fixed length control field 00436nam a22001817a 4500
008 - FIXED-LENGTH DATA ELEMENTS--GENERAL INFORMATION
fixed length control field 240207b |||||||| |||| 00| 0 eng d
020 ## - ISBN
International Standard Book Number 9789386056771
040 ## - CATALOGING SOURCE
Original cataloging agency IIMT Ayurveda Medical College and Hospital(0669)
082 ## - DDC NUMBER
Classification number 616.5 SEH
100 ## - MAIN ENTRY--PERSONAL NAME
Personal name SEHGAL , VIRENDRA .N
110 ## - MAIN ENTRY--CORPORATE NAME
Department AYURVEDA
245 ## - TITLE STATEMENT
Title DIAGNOSIS AND TREATMENT OF COMMON SKIN DISEASES
250 ## - EDITION STATEMENT
Edition statement 5 TH
260 ## - PUBLICATION, DISTRIBUTION, ETC. (IMPRINT)
Place of publication, distribution, etc JAYPEE
Name of publisher, distributor, etc NEW DELHI
Date of publication, distribution, etc 2023
300 ## - PHYSICAL DESCRIPTION
Pages 352
650 ## - Subject
Subject KAYCHIKSTA
942 ## - ADDED ENTRY ELEMENTS (KOHA)
Koha item type Text-Book- for 7 days
952 ## - LOCATION AND ITEM INFORMATION (KOHA)
-- 2024-07-12
-- 2024-02-07
952 ## - LOCATION AND ITEM INFORMATION (KOHA)
-- 2024-02-07
952 ## - LOCATION AND ITEM INFORMATION (KOHA)
-- 2024-02-07
952 ## - LOCATION AND ITEM INFORMATION (KOHA)
-- 2024-02-07
952 ## - LOCATION AND ITEM INFORMATION (KOHA)
-- 2024-02-07
Holdings
Withdrawn status Lost status Source of classification or shelving scheme Damaged status Not for loan Location (home branch) Sublocation or collection (holding branch) Date acquired Source of Acquisition Koha issues (times borrowed) Koha full call number Accession No. Koha date last seen Koha item type
          IIMT Ayurveda Medical College and Hospital(0669) IIMT Ayurveda Medical College and Hospital(0669) 01/24/2024 JAYPEE 1 616.5 SEH 30-B-6064 09/04/2024 Text-Book- for 7 days
          IIMT Ayurveda Medical College and Hospital(0669) IIMT Ayurveda Medical College and Hospital(0669) 01/24/2024 JAYPEE   616.5 SEH 30-B-6065 02/07/2024 Text-Book- for 7 days
          IIMT Ayurveda Medical College and Hospital(0669) IIMT Ayurveda Medical College and Hospital(0669) 01/24/2024 JAYPEE   616.5 SEH 30-B-6066 02/07/2024 Text-Book- for 7 days
          IIMT Ayurveda Medical College and Hospital(0669) IIMT Ayurveda Medical College and Hospital(0669) 01/24/2024 JAYPEE   616.5 SEH 30-B-6067 02/07/2024 Text-Book- for 7 days
          IIMT Ayurveda Medical College and Hospital(0669) IIMT Ayurveda Medical College and Hospital(0669) 01/24/2024 JAYPEE   616.5 SEH 30-B-6068 02/07/2024 Text-Book- for 7 days
IIMT, Central Library. All Rights Reserved IIMT,UNIVERSITY © 2023
Implemented and Customised by I CLOUDE EMS
You Are OPAC Visitor No
free web counter

Powered by Koha